| 000 | 00756 a2200145 4500 | ||
|---|---|---|---|
| 245 | 0 | 0 |
_aRecording - Helical-scan digital video cassette recording system using 6,35 mm magnetic tape for consumer use (525-60, 625-50, 1125-60 and 1250-50 systems) Part 8: PALplus format for the 625-50 system IEC 61834-8 / _cISO, IEC. |
| 246 | 1 | 3 | _aIEC 61834-8 |
| 250 | _aFirst edition. | ||
| 260 |
_aGeneva : _bISO : _bIEC, _c2001. |
||
| 300 |
_a25 stron ; _c30 cm. |
||
| 336 |
_aTekst _btxt _2rdacontent |
||
| 337 |
_aBez urządzenia pośredniczącego _bn _2rdamedia |
||
| 338 |
_aWolumin _bnc _2rdacarrier |
||
| 710 | 2 |
_aMiędzynarodowa Organizacja Normalizacyjna. _cInstytucja sprawcza _cWydawca _4pbl |
|
| 710 | 2 |
_aInternational Electrotechnical Commission. _cInstytucja sprawcza _cWydawca _4pbl |
|
| 999 |
_c22063 _d22063 |
||